muhammad 'ali pasha and his sabil : a guide to the permanent exhibition in the sabil muhammad 'ali pasha in al-aqqadin, cairo /

محفوظ في:

المؤلف الرئيسي: fahmy, khaled

التنسيق: كتاب

اللغة: Undetermined

منشور في: cairo : auc press, 2004.

الوسوم: إضافة وسم

لا توجد وسوم, كن أول من يضع وسما على هذه التسجيلة!

رقم الطلب: DT104 .D71

LEADER 00581nam a2200145Ia 4500
008 220401s9999||||xx |||||||||||||| ||und||
020 |a 9774248317 
050 4 |a DT104 .D71 
100 1 |a fahmy, khaled 
245 1 0 |a muhammad 'ali pasha and his sabil :  |b a guide to the permanent exhibition in the sabil muhammad 'ali pasha in al-aqqadin, cairo /  |c khaled fahmy. 
264 1 |a cairo :  |b auc press,  |c 2004. 
300 |a  :  |b  ;  |c . 
942 |2 lcc  |c BK 
952 |0 0  |1 0  |2 lcc  |4 0  |6 DT0104 D71  |7 1  |9 39363  |a ARCE  |b ARCE  |d 2022-04-01  |l 0  |o DT104 .D71  |p 1001983  |r 2022-04-01 00:00:00  |w 2022-04-01  |y BK 
999 |c 46944  |d 46944